000 00295nam a22001217a 4500
020 _a0068-1156
082 _a032.02 BRI'E
100 _aENCYCLOPEDIA BRITANNIC
_974588
245 _aBRITANIC BOOK OF THE YEAR
260 _aCHICAGO
_bENCYCLOPEDIA BRITANNICA
_c1983
300 _a766P
942 _cBK
999 _c580103
_d580103